Harmonizácia dane z pridanej hodnoty uplatňovanej v Slovenskej republike s európskou legislatívou

Problémy harmonizačného procesu dane z pridanej hodnoty v členských štátoch Európskej únie. Zmeny v daňovej legislatíve Slovenskej republiky. Nové smernice Európskej komisie v oblasti DPH. Daňová harmonizácia a zosúladenie daňovej sústavy štátov tvoriacich Európske spoločenstvo.

Na minha lista:
Detalhes bibliográficos
Autor principal: Baštincová, Anna
Formato: Capítulo de Livro
Idioma:eslovaco
Assuntos:
Tags: Adicionar Tag
Sem tags, seja o primeiro a adicionar uma tag!

MARC

LEADER 00000naa$a2200000$$$4500
001 0118061
005 20240502083307.5
041 0 |a slo 
044 |a CZ 
245 1 0 |a Harmonizácia dane z pridanej hodnoty uplatňovanej v Slovenskej republike s európskou legislatívou  |c Anna Baštincová 
520 |a Problémy harmonizačného procesu dane z pridanej hodnoty v členských štátoch Európskej únie. Zmeny v daňovej legislatíve Slovenskej republiky. Nové smernice Európskej komisie v oblasti DPH. Daňová harmonizácia a zosúladenie daňovej sústavy štátov tvoriacich Európske spoločenstvo. 
610 2 0 |a Európska únia 
610 2 0 |a Európske spoločenstvá 
610 2 0 |a Slovensko 
610 2 0 |a systémy daňové 
610 2 0 |a dane 
610 2 0 |a dane nepriame 
610 2 0 |a dane z hodnoty pridanej 
610 2 0 |a Európska komisia 
610 2 0 |a legislatíva 
610 2 0 |a smernice 
610 2 0 |a spolupráca medzinárodná 
100 1 |a Baštincová, Anna